Romancero para niños y jóvenes / (Record no. 186258)

MARC details
000 -LEADER
campo de control de longitud fija 01053nam a2200301 i 4500
001 - NÚMERO DE CONTROL
campo de control 186258
003 - IDENTIFICADOR DE NÚMERO DE CONTROL
campo de control SpMaBN
005 - FECHA Y HORA DE LA ÚLTIMA TRANSACCIÓN
campo de control 20250825062634.0
008 - DATOS DE LONGITUD FIJA--INFORMACIÓN GENERAL
campo de control de longitud fija 160929s2013 sp a |||| | spa d
020 ## - NÚMERO INTERNACIONAL ESTÁNDAR DEL LIBRO
Número Internacional Estándar del Libro 978-84-7960-513-1
080 ## - NÚMERO DE LA CLASIFICACIÓN DECIMAL UNIVERSAL
Número de la Clasificación Decimal Universal 087.5:398.8(082.2)
245 00 - MENCIÓN DEL TÍTULO
Título Romancero para niños y jóvenes /
Mención de responsabilidad, etc. edición preparada por Teresa de Santos ; ilustraciones de Carmen Sáez.
250 ## - MENCION DE EDICION
Mención de edición 3ª ed.
260 ## - PUBLICACIÓN, DISTRIBUCIÓN, ETC.
Lugar de publicación, distribución, etc. Madrid :
Nombre del editor, distribuidor, etc. Ediciones de la Torre,
Fecha de publicación, distribución, etc. 2013.
300 ## - DESCRIPCIÓN FÍSICA
Extensión 134 p. :
Otras características físicas il. ;
Dimensiones 21 cm.
490 1# - MENCIÓN DE SERIE
Mención de serie Alba y mayo.
-- Poesía ;
Designación de volumen o secuencia 17
490 1# - MENCIÓN DE SERIE
Mención de serie Ediciones de la Torre ;
Designación de volumen o secuencia 152
504 ## - NOTA DE BIBLIOGRAFÍA, ETC.
Nota de bibliografía, etc. Bibliografía: p. 131.
650 07 - PUNTO DE ACCESO ADICIONAL DE MATERIA--TÉRMINO DE MATERIA
Término de materia o nombre geográfico como elemento de entrada Romances-
Subdivisión de forma Libros infantiles.
9 (RLIN) 16940
655 #7 - TERMINO DE INDIZACIÓN--GENERO/FORMA
Datos o término principal de género/forma Libros infantiles
Fuente del término tgfbne
9 (RLIN) 226786
700 1# - ENTRADA AGREGADA--NOMBRE PERSONAL
Nombre de persona Santos, Teresa de.
9 (RLIN) 161004
700 1# - ENTRADA AGREGADA--NOMBRE PERSONAL
Nombre de persona Sáez, Carmen.
9 (RLIN) 101349
830 0# - PUNTO DE ACCESO ADICIONAL DE SERIE-TÍTULO UNIFORME
Título uniforme Alba y mayo.
-- Poesía ;
Designación de volumen o secuencia 17
9 (RLIN) 192509
830 0# - PUNTO DE ACCESO ADICIONAL DE SERIE-TÍTULO UNIFORME
Título uniforme Ediciones de la Torre ;
Designación de volumen o secuencia 152
9 (RLIN) 192503
852 ## - LOCALIZACIÓN
Ubicación ES-MaACL
Número de control de estantería A-13867
itemnumber 193313
Sublocalización o colección R.151244
Ubicación en estantería Depósito 1
Signatura antigua Olim: N-6867
942 ## - ELEMENTOS DE ENTRADA SECUNDARIOS (KOHA)
Fuente del sistema de clasificación o colocación Clasificación decimal universal
Tipo de ítem Koha Libro impreso
Holdings
Estatus retirado Estado de pérdida Fuente del sistema de clasificación o colocación Estado de daño No para préstamo Biblioteca de origen Biblioteca actual Ubicación en estantería Fecha de adquisición Fuente de adquisición Total de préstamos Signatura topográfica completa Código de barras Visto por última vez Precio de reemplazo Tipo de ítem Koha
    Clasificación decimal universal     Biblioteca del Ateneo de Madrid Biblioteca del Ateneo de Madrid Depósito 1 29/09/2016 Donación   A-13867 1196390 23/02/2023 23/02/2023 Libro impreso